header

Learning disability nursing (Record no. 36606)

MARC details
000 -LEADER
fixed length control field 01217nam a2200313Ia 4500
082 04 - DEWEY DECIMAL CLASSIFICATION NUMBER
Classification number 616.85/8890231
245 00 - TITLE STATEMENT
Title Learning disability nursing
260 ## - PUBLICATION, DISTRIBUTION, ETC. (IMPRINT)
Place of publication Oxford, UK ;
-- Malden, MA :
Name of publisher Blackwell Science,
Year of publication 2004.
300 ## - PHYSICAL DESCRIPTION
Number of Pages xi, 202 p. :
Other physical details ill.
650 #0 - SUBJECT ADDED ENTRY--TOPICAL TERM
Topical Term Learning disabilities
Topical Term Nurse and patient.
700 1# - ADDED ENTRY--PERSONAL NAME
Personal name Turnbull, John,
856 40 - ELECTRONIC LOCATION AND ACCESS
Uniform Resource Identifier http://site.ebrary.com/lib/rucke/Doc?id=10243476

No items available.

© 2026 Rongo University
Contact us: librarian | system librarian | Rongo university